Southville International School and Colleges
Your cart is empty.
  • Cart
  • Lists
    Public lists Eva Luna New books Lux_list list_1
    Your lists Log in to create your own lists
  • Log in to your account
  • Your cookies
  • Search history
Southville International School and Colleges
  • Advanced search
  • Recent comments
  • Most popular
  • Libraries

Log in to your account

Log in with GOOGLE


If you do not have an external account, but do have a local account, you can still log in:

  1. Home
  2. MARC view: Double-crossed /
Normal view MARC view ISBD view

Double-crossed / (Record no. 11078)

[ view plain ]
MARC details
000 -LEADER
fixed length control field 01253cam a22003853a 4500
001 - CONTROL NUMBER
control field 16409151
003 - CONTROL NUMBER IDENTIFIER
control field OSt
005 - DATE AND TIME OF LATEST TRANSACTION
control field 20140310182238.0
008 - FIXED-LENGTH DATA ELEMENTS--GENERAL INFORMATION
fixed length control field 940922s1994 nyu j 000 1 eng d
010 ## - LIBRARY OF CONGRESS CONTROL NUMBER
LC control number 97815255
020 ## - INTERNATIONAL STANDARD BOOK NUMBER
International Standard Book Number 0553562312 (pbk.) :
Terms of availability $3.50
035 ## - SYSTEM CONTROL NUMBER
System control number (OCoLC)ocm31156694
040 ## - CATALOGING SOURCE
Original cataloging agency OCO
Transcribing agency OCO
Modifying agency SLC
-- DLC
050 ## - LIBRARY OF CONGRESS CALL NUMBER
Classification number PZ 7
Item number .W716s109 1994
082 ## - DEWEY DECIMAL CLASSIFICATION NUMBER
Classification number FIC
Item number W67sv #109
100 1# - MAIN ENTRY--PERSONAL NAME
Personal name William, Kate.
9 (RLIN) 18781
245 10 - TITLE STATEMENT
Title Double-crossed /
Statement of responsibility, etc written by Kate William ; created by Francine Pascal.
260 ## - PUBLICATION, DISTRIBUTION, ETC. (IMPRINT)
Place of publication, distribution, etc New York :
Name of publisher, distributor, etc Bantam Books,
Date of publication, distribution, etc 1994.
300 ## - PHYSICAL DESCRIPTION
Extent 195 p. ;
Dimensions 18 cm.
440 #0 - SERIES STATEMENT/ADDED ENTRY--TITLE
Title Sweet valley high
Volume number/sequential designation #109
9 (RLIN) 18837
500 ## - GENERAL NOTE
General note "Francine Pascal's Sweet Valley High"--Cover.
562 ## - COPY AND VERSION IDENTIFICATION NOTE
Number of copies For circulation. 1 copy in the collection
650 ## - SUBJECT ADDED ENTRY--TOPICAL TERM
Topical term or geographic name as entry element Twins
General subdivision Fiction
9 (RLIN) 18838
650 ## - SUBJECT ADDED ENTRY--TOPICAL TERM
Topical term or geographic name as entry element High Schools
General subdivision Fiction
9 (RLIN) 18839
650 ## - SUBJECT ADDED ENTRY--TOPICAL TERM
Topical term or geographic name as entry element Schools
General subdivision Fiction
9 (RLIN) 18840
655 #7 - INDEX TERM--GENRE/FORM
Genre/form data or focus term Young adult fiction.
Source of term lcsh
9 (RLIN) 3735
700 1# - ADDED ENTRY--PERSONAL NAME
Personal name Pascal, Francine.
9 (RLIN) 3767
710 2# - ADDED ENTRY--CORPORATE NAME
Corporate name or jurisdiction name as entry element Copyright Paperback Collection (Library of Congress)
Institution to which field applies DLC
9 (RLIN) 705
740 0# - ADDED ENTRY--UNCONTROLLED RELATED/ANALYTICAL TITLE
Uncontrolled related/analytical title Francine Pascal's Sweet Valley High.
906 ## - LOCAL DATA ELEMENT F, LDF (RLIN)
a 7
b cbc
c copycat
d 2
e ncip
f 19
g y-genrareb
942 ## - ADDED ENTRY ELEMENTS (KOHA)
Source of classification or shelving scheme Library of Congress Classification
Koha item type
Holdings
Withdrawn status Lost status Source of classification or shelving scheme Damaged status Home library Current library Shelving location Date acquired Total Checkouts Full call number Barcode Date last seen Copy number Price effective from Koha item type
    Library of Congress Classification   Luxembourg Library Luxembourg Library Fiction Section 09/12/2013   PZ 7 .W716s109 1994 11710 02/16/2015 1 09/12/2013 Books
    Library of Congress Classification   Luxembourg Library Luxembourg Library Fiction Section 09/12/2013   PZ 7 .W716s109 1994 5019 02/16/2015 2 09/12/2013 Books
    Library of Congress Classification   Luxembourg Library Luxembourg Library Fiction Section 09/12/2013   PZ 7 .W716s109 1994 4012 08/06/2015 3 09/12/2013 Books

Double-crossed /

APA

William K., Pascal F. & Copyright Paperback Collection (Library of Congress). (1994). Double-crossed. New York: Bantam Books.

Chicago

William Kate, Pascal Francine and Copyright Paperback Collection (Library of Congress). 1994. Double-crossed. New York: Bantam Books.

Harvard

William K., Pascal F. and Copyright Paperback Collection (Library of Congress). (1994). Double-crossed. New York: Bantam Books.

MLA

William Kate, Pascal Francine and Copyright Paperback Collection (Library of Congress). Double-crossed. New York: Bantam Books. 1994.

  • Place hold
  • Print
  • Cite
  • Add to your cart (remove)
  • Save record
    BIBTEX Dublin Core MARCXML MARC (non-Unicode/MARC-8) MARC (Unicode/UTF-8) MARC (Unicode/UTF-8, Standard) MODS (XML) RIS
  • More searches
    Search for this title in:
    Other Libraries (WorldCat) Other Databases (Google Scholar) Online Stores (Bookfinder.com) Open Library (openlibrary.org)

Exporting to Dublin Core...

SOUTHVILLE LIBRARY

Southville International School and Colleges Library

1281 Tropical Ave. Cor. Luxembourg St., BF Homes International, Las Pinas City

Tel. No. 8256374 / 252358 Loc. 117/146

Powered by Koha